| 000 | 00792cam a22002773a 4500 | ||
|---|---|---|---|
| 001 | 8940 | ||
| 003 | PGUSA | ||
| 005 | 20140828083206.0 | ||
| 008 | 050901s2005||||xxu|||||s|||||000 | eng d | ||
| 040 |
_aPGUSA _beng |
||
| 042 | _adc | ||
| 050 | 4 | _aLC | |
| 100 | 1 |
_aFoster, John, _d1770-1843 |
|
| 245 | 1 | 3 |
_aAn Essay on the Evils of Popular Ignorance _h[electronic resource] / _cJohn Foster |
| 260 |
_bProject Gutenberg, _c2005 |
||
| 506 | _aPublic domain in the USA. | ||
| 516 | _aElectronic text | ||
| 653 | _aMissions -- India | ||
| 653 | _aReligious education | ||
| 653 | _aLiteracy | ||
| 653 | _aEducation | ||
| 653 | _aGreat Britain -- Social conditions -- 19th century | ||
| 830 | 0 |
_aProject Gutenberg _v8940 |
|
| 856 | 4 | 0 | _uhttp://www.gutenberg.org/ebooks/8940 |
| 942 | _cEB | ||
| 999 |
_c238224 _d238224 |
||